00480nam a2200169Ia 4500003000900000008004100009040001600050080001300066100001600079245008300095250001200178260004800190300001500238650002400253650001400277650001900291IN-BaIIA211028s9999 xx 000 0 eng d cIIA Library a538bBAT aBates, L. F 0aModern magnetismcL. F. Bates  a3rd ed. aCambridgebCambridge University Pressc1951 axii, 506p. aMagnetic properties aMagnetism aNASA Thesaurus